000 00240nam a22001097a 4500
999 _c12008
_d12008
082 _a624.1834MIL
100 _aMills
245 _aThe Field Line Theory: a programmed
260 _aLondon:
_bCement,
_c1970.
300 _a96p. ;
942 _cBK